[Event "Rated Blitz tournament JryqDvGS"]
[Site "?"]
[Date "2021.07.15"]
[Round "?"]
[White "McLeoudh"]
[Black "EEberhart"]
[Result "1/2-1/2"]
[WhiteElo "2450"]
[BlackElo "2212"]
[PlyCount "122"]
[EventDate "2021.??.??"]
[EventType "blitz"]

1. e4 e5 2. Nf3 d5 3. Nc3 dxe4 4. Nxe5 Bd6 5. d4 Bxe5 6. dxe5 Qxd1+ 7. Kxd1 Nc6
8. Bb5 Bd7 9. Bf4 O-O-O 10. Kc1 Nge7 11. Nxe4 Ng6 12. Bg5 Rde8 13. Be3 Rxe5 14.
Nc3 Rhe8 15. b3 a6 16. Bd3 Bf5 17. Bxf5+ Rxf5 18. Kb2 Nf4 19. g3 Nd5 20. Nxd5
Rxd5 21. Rad1 Red8 22. Rxd5 Rxd5 23. c4 Re5 24. Kc3 Kd7 25. h3 f6 26. Rd1+ Ke7
27. Rd2 b6 28. Bf4 Rf5 29. Bxc7 Rf3+ 30. Kb2 b5 31. cxb5 axb5 32. a4 bxa4 33.
bxa4 Nb4 34. Bb6 Nd3+ 35. Kc2 Ne5 36. Bc5+ Ke6 37. Rd6+ Kf5 38. g4+ Kg6 39. Be3
Rxh3 40. g5 Nc4 41. Rd3 Nxe3+ 42. Rxe3 Rh4 43. Kb3 fxg5 44. a5 Rd4 45. a6 Rd8
46. Kb4 h5 47. Re6+ Kf5 48. Re7 h4 49. Rxg7 Rh8 50. a7 h3 51. Rh7 Ra8 52. Kb5
Kg6 53. Rxh3 Rxa7 54. Rg3 Rf7 55. Rg2 Kh5 56. Kc4 Rf4+ 57. Kd3 Rg4 58. Rh2+ Rh4
59. Rg2 Rg4 60. Rh2+ Rh4 61. Rg2 Rg4 {Normal} 1/2-1/2

[Event "Rated Blitz game"]
[Site "?"]
[Date "2021.07.15"]
[Round "?"]
[White "Floqui"]
[Black "FourNinetySix"]
[Result "1/2-1/2"]
[WhiteElo "2394"]
[BlackElo "2488"]
[PlyCount "146"]
[EventDate "2021.??.??"]
[EventType "blitz"]

1. e4 e5 2. Nf3 d5 3. d4 dxe4 4. Nxe5 Bd6 5. Be2 Bxe5 6. dxe5 Qxd1+ 7. Bxd1 Nc6
8. O-O Bf5 9. Bf4 O-O-O 10. Nc3 Nge7 11. Re1 Ng6 12. Bg3 Rd4 13. Nb5 Rb4 14. a4
Rxb2 15. h4 Ngxe5 16. Nxa7+ Kb8 17. Nb5 f6 18. Nc3 Rb4 19. a5 Rd8 20. a6 b6 21.
Be2 Rd2 22. Bd1 Ka7 23. Bf4 Rd7 24. Be2 Nd4 25. Rec1 Nxe2+ 26. Nxe2 Nc6 27. c3
Rb5 28. Nd4 Nxd4 29. cxd4 c5 30. dxc5 Rxc5 31. Rxc5 bxc5 32. Be3 Rc7 33. Ra5
Bc8 34. Bxc5+ Ka8 35. a7 Bb7 36. Be3 g6 37. Kh2 h5 38. Ra4 Rg7 39. Bd4 Rf7 40.
Rc4 g5 41. hxg5 fxg5 42. Rc5 Rd7 43. Be3 g4 44. Rxh5 Rd8 45. Rg5 Rh8+ 46. Kg3
Bc8 47. Rb5 Bd7 48. Rd5 Rh7 49. Rg5 Be6 50. Rg6 Re7 51. Kf4 Re8 52. Rg7 Rf8+
53. Kxe4 Bc8 54. Ke5 Bb7 55. Kd6 Bxg2 56. Rxg4 Bf3 57. Rb4 Rf6+ 58. Ke5 Rf8 59.
Rf4 Re8+ 60. Kd6 Bb7 61. Rf6 Rd8+ 62. Kc7 Re8 63. Bc5 Rc8+ 64. Kb6 Rc6+ 65.
Rxc6 Bxc6 66. Kc7 Bf3 67. Kd6 Be4 68. f4 Bf5 69. Ke5 Bb1 70. Kf6 Bc2 71. Ke5
Bb1 72. Kd4 Bc2 73. Ke5 Bb1 {Normal} 1/2-1/2

[Event "Rated Blitz game"]
[Site "?"]
[Date "2021.07.15"]
[Round "?"]
[White "adjorno"]
[Black "artsportscience"]
[Result "0-1"]
[WhiteElo "2403"]
[BlackElo "2354"]
[PlyCount "82"]
[EventDate "2021.??.??"]
[EventType "blitz"]

1. e4 e5 2. Nf3 d5 3. d4 dxe4 4. Nxe5 Bd6 5. Nc4 Nf6 6. Nxd6+ Qxd6 7. c4 O-O 8.
Nc3 Bf5 9. Be3 h6 10. Be2 c6 11. O-O Nbd7 12. Kh1 Bg6 13. f4 exf3 14. Bxf3 Qe7
15. Bg1 Nb6 16. b3 Rad8 17. Qe1 Rfe8 18. Qh4 Nh7 19. Qxe7 Rxe7 20. Rae1 Rde8
21. Rxe7 Rxe7 22. a4 Ng5 23. Bd1 Nd7 24. a5 Nf6 25. d5 cxd5 26. Bxa7 dxc4 27.
b4 Nge4 28. Nxe4 Nxe4 29. b5 c3 30. Bd4 Rd7 31. Bb6 Nf2+ 32. Bxf2 c2 33. Bg4 f5
34. Bf3 Bf7 35. a6 bxa6 36. b6 Bd5 37. Bxd5+ Rxd5 38. Be3 Rd1 39. Kg1 Rb1 40.
Kf2 a5 41. Rxb1 cxb1=Q {Normal} 0-1

[Event "Rated Blitz game"]
[Site "?"]
[Date "2021.07.15"]
[Round "?"]
[White "mkheeh"]
[Black "artsportscience"]
[Result "1-0"]
[WhiteElo "2517"]
[BlackElo "2358"]
[PlyCount "109"]
[EventDate "2021.??.??"]
[EventType "blitz"]

1. e4 e5 2. Nf3 d5 3. Bb5+ c6 4. Bd3 dxe4 5. Bxe4 f5 6. Nxe5 Qd4 7. Bxc6+ Nxc6
8. Nxc6 bxc6 9. O-O Be7 10. Re1 Nf6 11. Qe2 Qe4 12. Qd1 Qd5 13. Nc3 Qf7 14. Qf3
O-O 15. Qxc6 Rb8 16. d3 Bb7 17. Qc7 Qg6 18. Qg3 Qxg3 19. hxg3 Bb4 20. Bd2 Bxc3
21. Bxc3 Nd5 22. Be5 Rbe8 23. a3 f4 24. c4 fxg3 25. fxg3 Nf6 26. d4 Ng4 27. Bd6
Rxe1+ 28. Rxe1 Rd8 29. Bc5 Rd7 30. d5 Kf7 31. b4 Kg6 32. a4 h5 33. a5 Rf7 34.
b5 Nf6 35. Bd4 Bc8 36. d6 Bd7 37. Be5 Ne8 38. Bf4 Rf6 39. Re7 Rf7 40. Re4 Kf5
41. Re5+ Kf6 42. Rc5 g5 43. Rxg5 Nxd6 44. Rxh5 Nxc4 45. Rh6+ Kg7 46. b6 axb6
47. axb6 Nxb6 48. Rxb6 Bg4 49. Be5+ Kh7 50. Rb8 Rd7 51. Rh8+ Kg6 52. Kh2 Kf5
53. Bf4 Rd3 54. Rh6 Be2 55. Rh4 {Time forfeit} 1-0

[Event "Rated Blitz game"]
[Site "?"]
[Date "2021.07.15"]
[Round "?"]
[White "Passdar"]
[Black "Bakiuzumaki"]
[Result "1-0"]
[WhiteElo "2439"]
[BlackElo "2281"]
[PlyCount "77"]
[EventDate "2021.??.??"]
[EventType "blitz"]

1. e4 e5 2. Nf3 d5 3. exd5 e4 4. Qe2 Nf6 5. d3 Qxd5 6. Nbd2 Be7 7. Nxe4 O-O 8.
b3 Nxe4 9. dxe4 Bb4+ 10. Bd2 Bxd2+ 11. Nxd2 Qd4 12. Rd1 Nc6 13. Qc4 Qf6 14. Bd3
Be6 15. Qb5 Nd4 16. Qxb7 Qg5 17. O-O Bh3 18. g3 Bxf1 19. f4 Qg4 20. Rxf1 Rab8
21. Qxa7 Rfd8 22. e5 c5 23. Ne4 Ra8 24. Qxc5 Nf3+ 25. Kg2 Rxd3 26. cxd3 Rxa2+
27. Nf2 Nh4+ 28. Kg1 Nf3+ 29. Kh1 h5 30. Nxg4 hxg4 31. Qf2 Rxf2 32. Rxf2 Nd4
33. Rb2 Kf8 34. b4 Ke7 35. b5 Kd7 36. b6 Kc8 37. Rb4 Kb8 38. Rxd4 Kb7 39. Rd7+
{Normal} 1-0

[Event "Rated Blitz game"]
[Site "?"]
[Date "2021.07.15"]
[Round "?"]
[White "BundesligaMiron"]
[Black "Fantastic_power06"]
[Result "0-1"]
[WhiteElo "2451"]
[BlackElo "2707"]
[PlyCount "99"]
[EventDate "2021.??.??"]
[EventType "blitz"]

1. e4 e5 2. Nf3 d5 3. Nxe5 Bd6 4. d4 dxe4 5. Nc3 Bxe5 6. dxe5 Qxd1+ 7. Kxd1 Bf5
8. Be3 Nc6 9. Be2 O-O-O+ 10. Kc1 Nge7 11. h3 Ng6 12. b3 Ngxe5 13. Kb2 Nd4 14.
Rad1 Nxe2 15. Nxe2 Nc6 16. Nd4 Bd7 17. Nxc6 Bxc6 18. Rxd8+ Rxd8 19. c4 f5 20.
g4 Rf8 21. gxf5 Rxf5 22. h4 Rf3 23. b4 a6 24. h5 Rf5 25. Kc3 b5 26. cxb5 axb5
27. h6 g6 28. Rh4 Rd5 29. Rxe4 Rd7 30. Re8+ Kb7 31. Rg8 Be4 32. Re8 Rd3+ 33.
Kb2 Bf5 34. Bf4 g5 35. Bxg5 Bg6 36. Re7 Rd4 37. Be3 Rxb4+ 38. Ka3 Ra4+ 39. Kb3
Be4 40. Kc3 Bb1 41. Kd2 Rxa2+ 42. Ke1 Bg6 43. Bd2 Ra1+ 44. Ke2 Bh5+ 45. Ke3
Ra3+ 46. Kd4 Bg6 47. Bf4 Ra4+ 48. Kc5 Rxf4 49. Kxb5 Rxf2 50. Re3 {Normal} 0-1

[Event "Rated Blitz game"]
[Site "?"]
[Date "2021.07.15"]
[Round "?"]
[White "GMshooter96"]
[Black "annaly1979"]
[Result "1-0"]
[WhiteElo "2575"]
[BlackElo "2438"]
[PlyCount "129"]
[EventDate "2021.??.??"]
[EventType "blitz"]

1. e4 e5 2. Nf3 d5 3. exd5 e4 4. Qe2 f5 5. d3 Nf6 6. Nbd2 Be7 7. dxe4 fxe4 8.
Nxe4 Nxe4 9. Qxe4 O-O 10. Bd3 Bf5 11. Qc4 Bxd3 12. Qxd3 Bd6 13. O-O Nd7 14. Ng5
Nf6 15. Ne6 Qe8 16. Nxf8 Bxf8 17. Bg5 Qf7 18. Bxf6 Qxf6 19. Qb3 Bd6 20. Rae1
Rf8 21. Qxb7 a5 22. Qb5 h5 23. Re8 h4 24. Rxf8+ Qxf8 25. Re1 Qf4 26. Qe8+ Kh7
27. Qh5+ Qh6 28. Qxh6+ Kxh6 29. Re6+ Kg5 30. Rxd6 cxd6 31. c4 Kf5 32. b3 Ke5
33. Kf1 Kd4 34. Ke2 Ke4 35. f3+ Kd4 36. Kd2 g5 37. Ke2 a4 38. Kd2 a3 39. Kc2
Ke3 40. c5 Kf2 41. cxd6 Kxg2 42. d7 Kxh2 43. d8=Q h3 44. Qxg5 Kh1 45. Qh4 h2
46. Qxh2+ Kxh2 47. d6 Kg3 48. d7 Kf2 49. d8=Q Ke3 50. Qd6 Kxf3 51. Qxa3 Ke4 52.
Qb4+ Ke3 53. a4 Ke2 54. a5 Ke3 55. a6 Kf3 56. a7 Ke2 57. a8=Q Kf1 58. Qc8 Kf2
59. Qbb7 Kg3 60. Qbd7 Kh4 61. Qce8 Kg5 62. Qdf7 Kh6 63. Qef8+ Kg5 64. Q8g8+ Kh4
65. Qfh7# {Normal} 1-0

[Event "Rated Blitz game"]
[Site "?"]
[Date "2021.07.15"]
[Round "?"]
[White "Semenychev_Alexander"]
[Black "Fantastic_power06"]
[Result "1-0"]
[WhiteElo "2488"]
[BlackElo "2718"]
[PlyCount "103"]
[EventDate "2021.??.??"]
[EventType "blitz"]

1. e4 e5 2. Nf3 d5 3. exd5 e4 4. Ne5 Qxd5 5. d4 exd3 6. Nxd3 Nf6 7. Nc3 Qf5 8.
Be2 Bd6 9. O-O Nc6 10. Bf3 Be6 11. Bxc6+ bxc6 12. Re1 O-O 13. Be3 c5 14. b3 Ng4
15. h3 Nxe3 16. Rxe3 c4 17. Rf3 Qg6 18. Nf4 Bxf4 19. Rxf4 Rad8 20. Qf3 cxb3 21.
cxb3 Qc2 22. Re1 Rd3 23. Re3 Rd2 24. Rxe6 Rd3 25. Re3 Qc1+ 26. Kh2 Rdd8 27. Ne4
Qb2 28. a4 h6 29. Re2 Qa1 30. Ng3 a5 31. Re7 Qd1 32. Rexf7 Rxf7 33. Rxf7 Qxf3
34. Rxf3 Rd5 35. Rc3 c5 36. Ne4 Rd4 37. Nxc5 Kf7 38. Nb7 Rd5 39. Rc5 Rd2 40. f3
Ke6 41. Nxa5 Rd1 42. Rb5 g5 43. Kg3 Kf6 44. h4 Kg6 45. hxg5 hxg5 46. Nc4 Rd8
47. a5 Ra8 48. Rb6+ Kh5 49. b4 g4 50. fxg4+ Kg5 51. Ne5 Rg8 52. Nf3# {Normal}
1-0

[Event "Rated Classical game"]
[Site "?"]
[Date "2021.07.14"]
[Round "?"]
[White "jimmy0613"]
[Black "LanBrak"]
[Result "1/2-1/2"]
[WhiteElo "2478"]
[BlackElo "2337"]
[PlyCount "77"]
[EventDate "2021.??.??"]

1. e4 e5 2. Nf3 d5 3. exd5 e4 4. Qe2 Nf6 5. d3 Bb4+ 6. Bd2 O-O 7. dxe4 Re8 8.
e5 Bxd2+ 9. Nbxd2 Qxd5 10. Qc4 Qxc4 11. Bxc4 Ng4 12. O-O Nc6 13. Rfe1 Bd7 14.
e6 Bxe6 15. Bxe6 Rxe6 16. Rxe6 fxe6 17. Re1 Re8 18. h3 Nf6 19. Nc4 h6 20. Nce5
Nxe5 21. Nxe5 Rd8 22. Nd3 Rd6 23. Re2 b6 24. Kf1 c5 25. Ke1 g5 26. Ne5 Nd5 27.
Rd2 b5 28. c4 bxc4 29. Nxc4 Rc6 30. b3 Kf8 31. Ke2 Ke7 32. g3 Nc3+ 33. Kf3 h5
34. a4 Nd5 35. Ke4 Rc7 36. Ke5 Rb7 37. Rd3 Rb8 38. Ne3 Nf6 39. Nc4 {Normal}
1/2-1/2

[Event "Rated Blitz tournament ZQJjUVIu"]
[Site "?"]
[Date "2021.07.14"]
[Round "?"]
[White "SantuyBKD"]
[Black "Maltinho"]
[Result "0-1"]
[WhiteElo "2396"]
[BlackElo "2520"]
[PlyCount "74"]
[EventDate "2021.??.??"]
[EventType "blitz"]

1. e4 e5 2. Nf3 d5 3. d4 dxe4 4. Nxe5 Bd6 5. Nc4 Nf6 6. Nxd6+ Qxd6 7. Nc3 O-O
8. h3 Nc6 9. Be3 Re8 10. Bc4 a6 11. a4 Nb4 12. Bb3 Be6 13. Bxe6 Qxe6 14. O-O
Nbd5 15. Nxd5 Nxd5 16. Qe2 f5 17. Bd2 Rf8 18. c4 Ne7 19. d5 Qd6 20. Rac1 Ng6
21. Rfe1 Rae8 22. Red1 f4 23. c5 Qf6 24. Bc3 Qf7 25. d6 f3 26. Qf1 cxd6 27.
cxd6 Nf4 28. g4 Ne2+ 29. Kh1 e3 30. Bxg7 Qxg7 31. Rc7 Qh6 32. d7 Rd8 33. Rd5
exf2 34. Rh5 Ng3+ 35. Kh2 Nxf1+ 36. Kh1 Ng3+ 37. Kh2 Nxh5 {Normal} 0-1

[Event "Rated Blitz tournament 1jhjli3A"]
[Site "?"]
[Date "2021.07.14"]
[Round "?"]
[White "JoeBarbaraa"]
[Black "dr_xStranger"]
[Result "1-0"]
[WhiteElo "2360"]
[BlackElo "2539"]
[PlyCount "85"]
[EventDate "2021.??.??"]
[EventType "blitz"]

1. e4 e5 2. Nf3 d5 3. exd5 e4 4. Qe2 Nf6 5. d3 Bb4+ 6. c3 O-O 7. cxb4 exf3 8.
Qxf3 Re8+ 9. Be3 Nxd5 10. Nc3 Nxb4 11. O-O-O N8c6 12. a3 Na6 13. d4 Ne7 14.
Bxa6 Rb8 15. Bd3 c6 16. Qh5 g6 17. Qh4 Be6 18. Bg5 Qd6 19. Bf4 Qd7 20. Bxb8
Rxb8 21. Rhe1 Nd5 22. Nxd5 cxd5 23. f4 b5 24. f5 Bxf5 25. Qf4 Qc8+ 26. Kb1
Bxd3+ 27. Rxd3 b4 28. Rc1 Qf8 29. Rb3 a5 30. axb4 axb4 31. Rf1 Ra8 32. Rbf3 Ra7
33. Rb3 Qa8 34. Rxb4 Ra1+ 35. Kc2 Qc6+ 36. Kd2 Rxf1 37. Qxf1 Qc7 38. g3 Kg7 39.
Qf4 Qa5 40. Qe5+ Kg8 41. Kc3 h5 42. Kb3 Kh7 43. Rb8 {Normal} 1-0

[Event "Rated Blitz game"]
[Site "?"]
[Date "2021.07.14"]
[Round "?"]
[White "Chess_2021_1202"]
[Black "lavilaine"]
[Result "1-0"]
[WhiteElo "2470"]
[BlackElo "2406"]
[PlyCount "85"]
[EventDate "2021.??.??"]
[EventType "blitz"]

1. e4 e5 2. Nf3 d5 3. exd5 e4 4. Qe2 f5 5. d3 Nf6 6. dxe4 fxe4 7. Nfd2 Bb4 8.
c3 Bc5 9. Nxe4 Nxe4 10. Qxe4+ Kf7 11. Be2 Re8 12. Qf3+ Kg8 13. O-O Nd7 14. Bf4
Nf6 15. Bc4 Kh8 16. h3 Bf5 17. Nd2 Be4 18. Nxe4 Rxe4 19. Bd3 Re8 20. c4 Qd7 21.
Rae1 Bb4 22. Rxe8+ Rxe8 23. a3 Bd6 24. b4 b5 25. Bg5 bxc4 26. Bxc4 Ne4 27. Be3
a5 28. bxa5 Bxa3 29. a6 Bc5 30. Re1 Nd6 31. Bd3 Bxe3 32. Rxe3 Rxe3 33. Qxe3 Qa4
34. Qa7 Qd1+ 35. Bf1 h6 36. Qxc7 Ne4 37. Qc8+ Kh7 38. Qf5+ g6 39. Qxe4 Qa1 40.
d6 Kg8 41. d7 Qxa6 42. d8=Q+ Kg7 43. Qee7# {Normal} 1-0

[Event "Rated Blitz game"]
[Site "?"]
[Date "2021.07.14"]
[Round "?"]
[White "znathan67"]
[Black "KinzyabulatovRenat"]
[Result "0-1"]
[WhiteElo "2422"]
[BlackElo "2381"]
[PlyCount "44"]
[EventDate "2021.??.??"]
[EventType "blitz"]

1. e4 e5 2. Nf3 d5 3. exd5 e4 4. Ne5 Qxd5 5. d4 exd3 6. Nxd3 Nc6 7. Nc3 Qa5 8.
Be2 Bf5 9. O-O O-O-O 10. Bd2 Nd4 11. Bg4 Nf6 12. Bxf5+ Qxf5 13. Be3 Nxc2 14.
Qxc2 Qxd3 15. Qa4 a6 16. Rfd1 Qf5 17. Rxd8+ Kxd8 18. Rd1+ Kc8 19. Qd4 b6 20.
Qd8+ Kb7 21. a4 Rg8 22. Nd5 Bd6 {Normal} 0-1

[Event "Rated Blitz game"]
[Site "?"]
[Date "2021.07.14"]
[Round "?"]
[White "Arps89"]
[Black "Jomajo"]
[Result "1-0"]
[WhiteElo "2549"]
[BlackElo "2607"]
[PlyCount "39"]
[EventDate "2021.??.??"]
[EventType "blitz"]

1. e4 e5 2. Nf3 d5 3. exd5 e4 4. Ne5 Qxd5 5. d4 exd3 6. Nxd3 Nc6 7. Nc3 Qa5 8.
Be2 Nf6 9. O-O Bd6 10. Bd2 Qf5 11. Bf3 O-O 12. Re1 Nd4 13. Be4 Nxe4 14. Nxe4
Be7 15. Bc3 Rd8 16. Ng3 Qf6 17. Nh5 Qh4 18. g3 Qh3 19. Ndf4 Qf5 20. Rxe7 {
Normal} 1-0

[Event "Rated Blitz game"]
[Site "?"]
[Date "2021.07.14"]
[Round "?"]
[White "itrofimow"]
[Black "annaly1979"]
[Result "0-1"]
[WhiteElo "2429"]
[BlackElo "2415"]
[PlyCount "115"]
[EventDate "2021.??.??"]
[EventType "blitz"]

1. e4 e5 2. Nf3 d5 3. Nxe5 Qe7 4. d4 f6 5. Nd3 Nc6 6. c3 Bf5 7. Be2 Bxe4 8. O-O
Qf7 9. Bf4 Nge7 10. Nd2 Ng6 11. Bg3 Bf5 12. Re1 O-O-O 13. Nb3 h5 14. h3 h4 15.
Bh2 Bxd3 16. Bxd3 Kb8 17. a4 Bd6 18. a5 Bxh2+ 19. Kxh2 Nf4 20. Qf3 g5 21. Nc5
a6 22. b4 Rhe8 23. b5 axb5 24. Bxb5 Rd6 25. Rxe8+ Qxe8 26. a6 b6 27. Nd3 Ka7
28. Nxf4 gxf4 29. Qxf4 Qg6 30. c4 dxc4 31. d5 Ne5 32. Bxc4 Qc2 33. Rc1 Qb2 34.
Bf1 Rd7 35. Rd1 Qc2 36. Rd2 Qc3 37. Rd1 Qc2 38. Rc1 Qb2 39. Rc6 Qa1 40. Rxf6
Qxf1 41. Qxe5 Qc4 42. Qe8 Qxd5 43. Qc8 Rd8 44. Qf5 Kxa6 45. Qxd5 Rxd5 46. Rf4
Rh5 47. g4 hxg3+ 48. fxg3 b5 49. g4 Rh8 50. Kg3 c5 51. h4 c4 52. g5 c3 53. Rf6+
Ka5 54. g6 Rc8 55. g7 c2 56. Rf8 c1=Q 57. g8=Q Qg1+ 58. Kf4 {Normal} 0-1

[Event "Rated Blitz game"]
[Site "?"]
[Date "2021.07.14"]
[Round "?"]
[White "vit2014"]
[Black "GrandeGila"]
[Result "0-1"]
[WhiteElo "2443"]
[BlackElo "2477"]
[PlyCount "132"]
[EventDate "2021.??.??"]
[EventType "blitz"]

1. e4 e5 2. Nf3 d5 3. Nxe5 Bd6 4. d4 dxe4 5. Bc4 Bxe5 6. dxe5 Qxd1+ 7. Kxd1 Nc6
8. Bf4 Nge7 9. Re1 Ng6 10. Bg3 Bg4+ 11. Kc1 Ngxe5 12. Bd5 O-O-O 13. Bxe4 f5 14.
Bxc6 Nxc6 15. Nd2 g5 16. f3 f4 17. Bf2 Bf5 18. Nb3 Nb4 19. a3 Nxc2 20. Re5 Nxa1
21. Nxa1 Rhf8 22. Nb3 b6 23. Nd4 Bd7 24. Rxg5 c5 25. Ne2 Rde8 26. Kd2 Rf7 27.
Nc3 Bc6 28. h4 Rd7+ 29. Kc2 Ree7 30. h5 Rg7 31. Bh4 h6 32. Rg6 Rxg6 33. hxg6
Rg7 34. Ne2 Rxg6 35. Nxf4 Rg8 36. Kd3 Kd7 37. Ke3 Kd6 38. g4 Re8+ 39. Kf2 Bd5
40. Bg3 Kc6 41. Ne2 Rg8 42. Nc3 b5 43. Bf4 Rg6 44. Ke3 Re6+ 45. Kf2 Rf6 46. Ke3
a5 47. Ne4 Bxe4 48. Kxe4 Re6+ 49. Kf5 Kd5 50. Bd2 b4 51. axb4 axb4 52. f4 Re2
53. Bc1 Rc2 54. Be3 Rxb2 55. Kg6 Rg2 56. Kh5 Rh2+ 57. Kg6 b3 58. Bc1 c4 59. f5
c3 60. f6 b2 61. Bf4 b1=Q+ 62. Kg7 Rg2 63. Kxh6 Rxg4 64. Bg5 Qf5 65. f7 Qxg5+
66. Kh7 Qh5# {Normal} 0-1

[Event "Rated Blitz game"]
[Site "?"]
[Date "2021.07.14"]
[Round "?"]
[White "vit2014"]
[Black "GrandeGila"]
[Result "0-1"]
[WhiteElo "2433"]
[BlackElo "2487"]
[PlyCount "94"]
[EventDate "2021.??.??"]
[EventType "blitz"]

1. e4 e5 2. Nf3 d5 3. Nxe5 Bd6 4. d4 dxe4 5. f4 exf3 6. Qxf3 Bxe5 7. dxe5 Ne7
8. Bc4 O-O 9. Be3 Nbc6 10. Qe4 Bf5 11. Qf4 Bxc2 12. Na3 Ng6 13. Qg3 Ngxe5 14.
O-O Nxc4 15. Nxc4 Bg6 16. Rad1 Qc8 17. Bf4 Rd8 18. Bxc7 Rxd1 19. Rxd1 Qe6 20.
b3 b5 21. Rd6 Qe2 22. Qe3 Qxa2 23. Rxc6 bxc4 24. Rxc4 h6 25. Ra4 Qb1+ 26. Kf2
Qf5+ 27. Bf4 a5 28. Qe5 Qc2+ 29. Qe2 Qxb3 30. Qa2 Qb5 31. Qc4 Qf5 32. Qd4 Re8
33. h3 Qc2+ 34. Bd2 Bd3 35. Kg3 Qxd2 36. Ra3 Qg5+ 37. Kh2 Bf1 38. Rg3 Qe5 39.
Qd7 Bb5 40. Qa7 Bc6 41. Qb6 Be4 42. h4 h5 43. Kh3 Bf5+ 44. Kh2 Bg4 45. Qc6 Rc8
46. Qb7 Rc3 47. Qa8+ Kh7 {Time forfeit} 0-1

[Event "Rated Blitz game"]
[Site "?"]
[Date "2021.07.14"]
[Round "?"]
[White "can_u_beat_me_bro"]
[Black "pasha1984"]
[Result "1-0"]
[WhiteElo "2402"]
[BlackElo "2376"]
[PlyCount "65"]
[EventDate "2021.??.??"]
[EventType "blitz"]

1. e4 e5 2. Nf3 d5 3. exd5 e4 4. Qe2 Nf6 5. Nc3 Be7 6. Nxe4 Nxd5 7. d4 O-O 8.
Bd2 Re8 9. O-O-O f5 10. Ng3 Bf6 11. Qd3 Nc6 12. a3 g6 13. h4 Qd6 14. h5 Nf4 15.
Qb3+ Be6 16. Bc4 Bxc4 17. Qxc4+ Kg7 18. hxg6 hxg6 19. Kb1 Rh8 20. Rhe1 Rae8 21.
Bxf4 Qxf4 22. Ne2 Qg4 23. Qb5 Qxg2 24. Ne5 Nxe5 25. dxe5 Rxe5 26. Rd7+ Re7 27.
Rxe7+ Bxe7 28. Qe5+ Bf6 29. Qxc7+ Kh6 30. Nf4 Qf3 31. Qf7 Qxf4 32. Qxf6 Qf3 33.
Qxh8+ {Normal} 1-0

[Event "Rated Blitz game"]
[Site "?"]
[Date "2021.07.14"]
[Round "?"]
[White "fathul2008"]
[Black "Katzik"]
[Result "0-1"]
[WhiteElo "2283"]
[BlackElo "2464"]
[PlyCount "62"]
[EventDate "2021.??.??"]
[EventType "blitz"]

1. e4 e5 2. Nf3 d5 3. Nc3 d4 4. Ne2 Nc6 5. d3 h6 6. h3 f5 7. exf5 Bxf5 8. Ng3
Bh7 9. Be2 Nf6 10. Nd2 Qd7 11. Bf3 O-O-O 12. Nde4 Kb8 13. O-O Be7 14. a3 Nd5
15. Bd2 g5 16. Bg4 Qe8 17. b4 Nf4 18. b5 h5 19. bxc6 hxg4 20. Qxg4 Qxc6 21.
Rfc1 Bg6 22. a4 Rh4 23. Qf3 Rf8 24. Qd1 g4 25. hxg4 Rfh8 26. f3 Bxe4 27. dxe4
Bc5 28. Qe1 d3+ 29. Be3 Ne2+ 30. Nxe2 Bxe3+ 31. Kf1 Rh1+ {Normal} 0-1

[Event "Rated Blitz game"]
[Site "?"]
[Date "2021.07.14"]
[Round "?"]
[White "sathyanv"]
[Black "GrandeGila"]
[Result "0-1"]
[WhiteElo "2355"]
[BlackElo "2496"]
[PlyCount "112"]
[EventDate "2021.??.??"]
[EventType "blitz"]

1. e4 e5 2. Nf3 d5 3. Nxe5 Bd6 4. d4 dxe4 5. Nc3 Bxe5 6. dxe5 Qxd1+ 7. Nxd1 Nc6
8. Bf4 Nge7 9. Bb5 O-O 10. Nc3 a6 11. Bxc6 Nxc6 12. O-O-O Re8 13. Nxe4 Bf5 14.
Nc5 b6 15. Nd3 Rad8 16. Rhe1 a5 17. f3 h5 18. e6 fxe6 19. Bxc7 Rc8 20. Bxb6 Rb8
21. Bc5 Rec8 22. Kb1 Rb5 23. Ba3 Nd4 24. Rd2 Nxc2 25. Rxc2 Bxd3 26. Rec1 Rb7
27. Bd6 Rb5 28. f4 a4 29. a3 Kf7 30. Be5 Rxc2 31. Rxc2 Kg6 32. Kc1 Bxc2 33.
Kxc2 Rd5 34. g3 Rb5 35. Kc3 Rb7 36. Kc4 Kf5 37. h3 g6 38. Kc5 Ke4 39. Kd6 Rb6+
40. Ke7 Kf5 41. Kd7 Rb7+ 42. Kd6 Rb6+ 43. Kd7 Rb3 44. g4+ hxg4 45. hxg4+ Kxg4
46. Kxe6 Rb6+ 47. Kd5 Kf5 48. Kc5 Rb3 49. Kc4 g5 50. Bd4 gxf4 51. Bc5 Ke4 52.
Bb4 f3 53. Kb5 f2 54. Kxa4 Rxb4+ 55. axb4 f1=Q 56. b5 Qc4+ {Time forfeit} 0-1

[Event "Rated Blitz tournament 1jhjli3A"]
[Site "?"]
[Date "2021.07.14"]
[Round "?"]
[White "Shahinyan_ChessMood"]
[Black "dr_xStranger"]
[Result "1-0"]
[WhiteElo "2609"]
[BlackElo "2537"]
[PlyCount "49"]
[EventDate "2021.??.??"]
[EventType "blitz"]

1. e4 e5 2. Nf3 d5 3. d3 dxe4 4. dxe4 Qxd1+ 5. Kxd1 Nc6 6. Bc4 Bg4 7. Be3 Nf6
8. Nbd2 Bxf3+ 9. gxf3 a6 10. c3 Na5 11. Be2 O-O-O 12. b4 Nc6 13. Bc4 Rd7 14. a4
Bd6 15. Kc2 Rhd8 16. Rhg1 Bf8 17. a5 Kb8 18. Nb3 Ka8 19. b5 axb5 20. Bxb5 Kb8
21. a6 Rd6 22. axb7 Kxb7 23. Nc5+ Kb8 24. Rgb1 Na7 25. Bc6+ {Normal} 1-0

[Event "Rated Blitz game"]
[Site "?"]
[Date "2021.07.14"]
[Round "?"]
[White "Kopatych64"]
[Black "Jomajo"]
[Result "0-1"]
[WhiteElo "2540"]
[BlackElo "2621"]
[PlyCount "20"]
[EventDate "2021.??.??"]
[EventType "blitz"]

1. e4 e5 2. Nf3 d5 3. Nxe5 Bd6 4. d4 dxe4 5. Nc3 Bxe5 6. dxe5 Qxd1+ 7. Kxd1 Bf5
8. Bf4 Nc6 9. Bc4 Nge7 10. Nd5 O-O-O {Normal} 0-1

[Event "Rated Blitz game"]
[Site "?"]
[Date "2021.07.14"]
[Round "?"]
[White "giftedcreation"]
[Black "rofaidah"]
[Result "1-0"]
[WhiteElo "2474"]
[BlackElo "2430"]
[PlyCount "129"]
[EventDate "2021.??.??"]
[EventType "blitz"]

1. e4 e5 2. Nf3 d5 3. exd5 e4 4. Qe2 Nf6 5. Nc3 Bf5 6. d3 Bb4 7. Nd4 Bxc3+ 8.
bxc3 Bg6 9. Ba3 Qxd5 10. f3 c5 11. fxe4 Qd7 12. Bxc5 b6 13. Ba3 Nc6 14. e5 Nd5
15. Nxc6 Qxc6 16. c4 Nf4 17. Qf3 Qxf3 18. gxf3 O-O-O 19. Kf2 Rhe8 20. Re1 Kc7
21. Bd6+ Kc6 22. Ke3 Nxd3 23. cxd3 Rxd6 24. d4 f6 25. f4 fxe5 26. fxe5 Rdd8 27.
Bg2+ Kc7 28. Rhf1 Rf8 29. Bd5 Bc2 30. Kd2 Ba4 31. Kc3 Bc6 32. Bxc6 Kxc6 33. e6
Rxf1 34. Rxf1 Kd6 35. d5 b5 36. Kd4 bxc4 37. Rc1 Rf8 38. Ke4 g5 39. Rxc4 Rf4+
40. Kd3 Rf3+ 41. Ke2 Rh3 42. Re4 Rxh2+ 43. Kf3 Rh3+ 44. Kg4 Rh4+ 45. Kf5 Rxe4
46. Kxe4 h5 47. Kf5 h4 48. Kf6 h3 49. e7 h2 50. e8=Q h1=Q 51. Qe6+ Kc5 52. d6
Qh6+ 53. Ke7 Qg7+ 54. Kd8 Qf8+ 55. Kc7 Qf4 56. Kd7 g4 57. Ke7 Qg5+ 58. Ke8 Qh5+
59. Kd8 Qh8+ 60. Kc7 Qg7+ 61. d7 g3 62. Kc8 g2 63. d8=Q g1=Q 64. Qf5+ Kb4 65.
Qe4+ {Time forfeit} 1-0

[Event "Rated Blitz game"]
[Site "?"]
[Date "2021.07.14"]
[Round "?"]
[White "Player5098"]
[Black "rofaidah"]
[Result "0-1"]
[WhiteElo "2384"]
[BlackElo "2409"]
[PlyCount "107"]
[EventDate "2021.??.??"]
[EventType "blitz"]

1. e4 e5 2. Nf3 d5 3. d3 dxe4 4. dxe4 Qxd1+ 5. Kxd1 Bg4 6. Be2 Bxf3 7. Bxf3 Nc6
8. c3 Bc5 9. Ke2 Nge7 10. Nd2 O-O 11. Nb3 Bb6 12. Be3 Rad8 13. Rad1 g6 14. Bh6
Rfe8 15. Bg5 Kg7 16. Bxe7 Nxe7 17. Nd2 c6 18. Nc4 Bc7 19. Rxd8 Rxd8 20. Rd1
Rxd1 21. Kxd1 f5 22. Nd2 Kf6 23. Be2 Nc8 24. Nc4 fxe4 25. Bg4 Nd6 26. Nxd6 Bxd6
27. Bc8 b6 28. Bb7 Kf5 29. Bxc6 Bc5 30. Ke2 a5 31. a3 g5 32. b4 axb4 33. axb4
Be7 34. Ke3 h5 35. Bd7+ Kf6 36. Kxe4 Bd6 37. h4 gxh4 38. Be8 Kg5 39. Kd5 Be7
40. Kc6 Bd8 41. Kd7 Bf6 42. Kc7 e4 43. c4 Bd4 44. Bc6 Kf4 45. Be8 Bxf2 46. Bxh5
Kg3 47. Kd6 Kxg2 48. Ke5 e3 49. Ke4 h3 50. Bf3+ Kg3 51. c5 bxc5 52. bxc5 h2 53.
c6 e2 54. Bxe2 {Normal} 0-1